000 03289nam a2201177 i 4500
003 PE-LiUPU
005 20250813185710.0
008 200822s2019 pe d f 00010 spa
020 _a9789972046452
040 _apelibn
_bspa
_erda
_cPE-LiUPU
_dPE-LiUPU
082 0 4 _a345
_bH634l
_223
100 1 _aHiga Silva, César,
_d1978-
245 1 0 _aLitigación, argumentación y teoría del caso /
_cCésar Higa Silva.
264 1 _aLima :
_bGrijley,
_c2019.
300 _a223 páginas :
_bdiagramas ;
_c21 centímetros.
336 _aTexto
_2rdacontent
337 _asin mediación
_2rdamedia
338 _avolumen
_2rdacarrier
504 _aIncluye bibliografía.
505 _aEl arte de la guerra y los tres principios para diseñar la estrategia del caso principio 1: conócete a ti mismo -- ¿Cómo demuestro que el certificado era falso? Un análisis desde la perspectiva del derecho probatorio, teoría de la argumentación e inteligencia artificial y derecho en la construcción de un caso -- Descubriendo los hechos de un caso,el caso de la picadura en Saga Fallabela -- Análisis microscópico del caso del Colegio Diez de octubre -- Casos a trabajar -- Casos sobre problemas probatorios.
520 3 _aSeñala que el diseño de la estrategia de un caso no es una actividad que solo dependa de la experiencia o habilidad innata de cada abogado, sino que puede ser aprendida e incluso, estudiada.
526 _aP202
526 _aP201
526 _aP163
526 _aP162
526 _aP161
526 _aP160
526 _aP148
526 _aP147
526 _aP146
526 _aP145
526 _aP144
526 _aP143
526 _aP142
526 _aP141
526 _aP140
526 _aP139
526 _aP138
526 _aP137
526 _aP136
526 _aP135
526 _aP134
526 _aP133
526 _aP129
526 _aP128
526 _aP127
526 _aP120
526 _aP119
526 _aP118
526 _aP116
526 _aP115
526 _aP114
526 _aP110
526 _aP109
526 _aP108
526 _aP104
526 _aP103
526 _aP102
526 _aP99
526 _aP98
526 _aP97
526 _aP96
526 _aP95
526 _aP93
526 _aP90
526 _aP89
526 _aP88
526 _aP83
526 _aP82
526 _aP62
526 _aP59
526 _aP58
526 _aP57
526 _aP51
526 _aP49
526 _aP48
526 _aP47
526 _aP29
526 _aP24
526 _aP20
526 _aP19
526 _aP17
526 _aP15
526 _aP14
526 _aP12
526 _aP10
526 _aP09
526 _aP08
526 _aP07
526 _aP06
526 _aP05
526 _aP04
526 _aP01
583 _aAdq.
_bD.L.
_c20200206
_kGrijley
583 _aAdq.
_bD.L.
_c20200206
_kGrijley
583 _aAdq.
_bDon.
_c20200224
_kGrijley
650 1 8 _aPráctica forense.
650 2 8 _aEvidencia (Derecho)
_vCasos.
942 _2ddc
_cBK
999 _c62495
_d62494
980 _618226
_aJaime Vilcazán Jefe de Análisis Documental
_81
_gALBERTO SANCHEZ Responsable de Automatización